Wszystkie ofiary Katastrofy Smoleńskiej - Statystyki

Ogólne statystyki
  • Ten quiz został rozwiązany 35 razy
  • Średni wynik to 11 z 95
Statystyki odpowiedzi
Opis Nazwisko % Poprawnych
Prezydent RP Lech Kaczyński
100%
Żona prezydenta RP Maria Kaczyńska
88%
Prezydent RP na uchodźstwie Ryszard Kaczorowski
79%
Przedstawiciel parlamentu RP Izabela Jaruga-Nowacka
42%
Dowódca sił powietrznych RP Andrzej Błasik
33%
Założycielka Wolnych Związków Zawodowych Anna Walentynowicz
29%
Wicemarszałek Sejmu RP Krzysztof Putra
29%
Przedstawiciel parlamentu Zbigniew Wasserman
29%
Prezes IPN Janusz Kurtyka
25%
Przedstawiciel parlamentu Przemysław Gosiewski
25%
Przedstawiciel Parlamentu Aleksandra Natalli-Świat
21%
Wybitny aktor Janusz Zakrzeński
21%
Szef Kancelarii Prezydenta RP Władysław Stasiak
21%
Szef Biura Bezpieczeństwa Narodowego Aleksander Szczygło
17%
Sekretarz ROPWiM Andrzej Przewoźnik
17%
Stewardessa Natalia Januszko
17%
Szef PKOL Piotr Nurowski
17%
Prezes NBP Sławomir Skrzypek
17%
Dowódca wojsk lądowych RP Tadeusz Buk
17%
Przedstawiciel parlamentu Wiesław Woda
17%
Dowódca Marynarki Wojennej RP Andrzej Karweta
13%
Kapitan Arkadiusz Protasiuk
13%
Przedstawiciel parlamentu Arkadiusz Rybicki
13%
Przedstawiciel parlamentu Edward Wojtas
13%
Przedstawiciel parlamentu Grażyna Gęsicka
13%
Prezes Naczelnej Rady Adwokackiej Joanna Agacka-Indecka
13%
Prezes Stowarzyszenia "Wspólnota Polska" Maciej Płażyński
13%
Dyrektor Protokołu Dyplomatycznego MSZ Mariusz Kazana
13%
Prawosławny Ordynariusz Wojska Polskiego Miron Chodakowski
13%
Sekretarz Stanu w Kancelarii Prezydenta Paweł Wypych
13%
Funkcjonariusz BOR Piotr Nosek
13%
Przedstawiciel parlamentu Sebastian Karpiniuk
13%
Ordynariusz Połowy Wojska Polskiego Tadeusz Płoski
13%
Podsekretarz Stanu w MKiDN Tomasz Merta
13%
Ewangelickie Duszpasterstwo Polowe Adam Pilch
8%
Prezes Federacji Rodzin Katyńskich Andrzej Sariusz-Skąpski
8%
Funkcjonariusz BOR Artur Francuz
8%
Wnuczka gen. Bryg. Mieczysława Smorawińskiego Ewa Bąkowska
8%
Przedstawiciel parlamentu Grzegorz Dolniak
8%
Rzecznik Praw Obywatelskich Janusz Kochanowski
8%
Prezes Stowarzyszenia Parafiada Józef Joniec
8%
Stewardessa Justyna Moniuszko
8%
Przedstawiciel Kancelarii Prezydenta RP Katarzyna Doraczyńska
8%
Dowódca Garnizonu Warszawa Kazimierz Gilarski
8%
Wicemarszałek senatu Krystyna Bochenek
8%
Funkcjonariusze BOR Paweł Janeczek
8%
Podsekretarz Stanu w MON Stanisław Komorowski
8%
Kapelan Federacji Rodzin Katyńskich Andrzej Kwaśnik
4%
Członek załogi Andrzej Michalak
4%
Członek załogi Artur Ziętek
4%
Stewardessa Barbara Maciejczyk
4%
Przedstawiciel rodzin katyńskich Bartosz Borowski
4%
Przedstawiciel Rodzin Katynskich i innych organizacji Bronisława Orawiec-Löffer
4%
Dowódca Operacyjny Sił Zbrojnych RP Bronisław Kwiatkowski
4%
Przewodniczący Światowego Związku Żołnierzy AK Czesław Cywiński
4%
Funkcjonariusz BOR Dariusz Michałowski
4%
Sekretarz Generalny Związku Sybiraków Edward Duchnowski
4%
Szef Sztabu Generalnego Wojska Polskiego Franciszek Gągor
4%
Przedstawiciel Rodzin Katynskich i innych organizacji Gabriela Zych
4%
Dyrektor w Kancelarii Prezydenta RP Izabela Tomaszewska
4%
Funkcjonariusz BOR Jacek Surówka
4%
Senator Janina Fetlińska
4%
Kierownik Urzędu do spraw Kombatantów i Osób Represjonowanych Janusz Krupski
4%
Przedstawiciel parlamentu Jolanta Szymanek-Deresz
4%
Przedstawiciel Parlamentu Leszek Deptuła
4%
Funkcjonariusz BOR Marek Uleryk
4%
Podsekretarz Stanu w Kancelarii Prezydenta RP Mariusz Handzlik
4%
Członek załogi Robert Grzywna
4%
Kapelan Prezydenta RP Roman Indrzejczyk
4%
Rektor UKSW Ryszard Rumianek
4%
Wiceprzewodniczący ROPWiM Stanisław Mikke
4%
Senator Stanisław Zając
4%
Prezes Komitetu Katyńskiego Stefan Melak
4%
Przedstawiciel Rodzin Katynskich i innych organizacji Tadeusz Lutoborski
4%
Fundacja "Golgota wschodu" Teresa Walewska-Przyjałkowska
4%
Dowódca Wojsk Specjalnych Włodzimierz Potasiński
4%
Lekarz Prezydenta RP Wojciech Lubiński
4%
Przedstawiciel Rodzin Katynskich i innych organizacji Wojciech Seweryn
4%
Kapelan Warszawskiej Rodziny Katyńskiej 1987-2007 Zdzisław Król
4%
Funkcjonariusz BOR Agnieszka Pogródka-Węcławek
0%
Tłumacz języka rosyjskiego Andrzej Fedorowicz
0%
Podsekretarz Stanu w MSZ Andrzej Kremer
0%
Przedstawiciel rodzin katyńskich Anna Maria Borowska
0%
Dyrektor w Kancelarii Prezydenta RP Barbara Mamińska
0%
Ks. Prałat Bronisław Gostomski
0%
Osoba towarzysząca Janina Natusiewicz-Mirer
0%
Ordynariat Połowy Wojska Polskiego Jan Osiński
0%
Funkcjonariusz BOR Jarosław Florczak
0%
Wicemarszałek Sejmu RP Jerzy Szmajdzński
0%
Przedstawiciel Rodzin Katynskich i innych organizacji Katarzyna Piskorska
0%
Przedstawiciel Rodzin Katynskich i innych organizacji Leszek Solski
0%
Funkcjonariusze BOR Paweł Krajewski
0%
Przedstawiciel Kapituły Orderu Virtutti Millitari Stanisław Komornicki
0%
Osoba towarzysząca Zbigniew Dębski
0%
Przedstawiciel Rodzin Katyńskich i innych organizacji Zenona Mamontowicz-Łojek
0%
Nie znaleziono quizów pasujących do podanych kryteriów
Rozkład punktacji
Procent ludzi z każdym wynikiem
Percentyl według liczby udzielonych odpowiedzi
Twoja historia wyników
Nie rozwiązałeś tego quizu